1950 1667 1518 1534 1376 1740 1746 1654 1757 1063 1930 1255 1374 1578 1333 1344 1067 1420 1933 1788 1823 1552 1002 1577 1216 1248 1724 1000 1238 1230 1301 1854 1585 1954 1227 1826 1268 1618 1584 1029 1836 1947 1781 1658 1524 1590 1462 1193 1717 1564 1887 1994 1768 1426 1806 1152 1733 1201 1044 1532 1748 1394 1566 1255 1734 1226 1209 1776 1831 1328 1657 1278 1579 1905 1339 1192 1559 1296 1173 1406 1370 1529 1852 1556 1507 1319 1365 1554 1077 1569 1896 1504 1347 1579 1351 1429 1618 1300 1262 BCNSPRNW ULIB Ver.6.0+V

เปลี่ยนเป็นภาษาไทย

Change to English
 แสดงรายละเอียดบรรณานุกรม
  กลับหน้าหลัก

Brief Record : Get Marc (ISO 2709) : E-mail record : QR code < ปิดหน้าต่าง
LEADER : 00000nam 2200000uu 4500
001    13399120061
003     ULIB
008    120828s2550||||th 000 0 tha d
020    ^a9789748467795
090    ^aนว.^bซ510ด 2550
100 0  ^aเซอาร่า
245 00 ^aangerous Prince idol เสียศูนย์นัก รัก Idol ตัวร้าย 2/^cเซอาร่า
250    ^aพิมพ์ครั้งที่ 1
260    ^aกรุงเทพฯ :^bบงกชบุ๊คส์,^c2550
300    ^a266 หน้า
710 1  ^aบงกชบุ๊ค
945    ^p0^l0^i14455
995    ^aกัณชพร
999 ^a ใช้งานได้ทุกระบบ
รายการนี้ยังไม่มีแท็ก
คุณยังไม่ได้ล็อกอิน คุณสามารถมีกิจกรรมร่วมกับเว็บไซต์ได้ แต่ต้องล็อกอินก่อน ::
  ล็อกอิน

รายการสื่อสารสนเทศ

ลำดับที่ ประเภท เลขเรียก/บาร์โค้ด สถานที่ สถานะ
1. นวนิยาย
นวนิยาย
นว. ซ510ด 2550  
  Barcode: 14455
ห้องสมุดวิทยาเขตสวรรค์ประชารักษ์
►นวนิยาย
บนชั้น
  ขอยืม

BibComment


ยังไม่เคยถูกคอมเมนท์

คอมเมนท์ทรัพยากรรายการนี้
  คอมเมนท์: angerous Prince ..


 Copyright 2026. Bcnsprnw @Library